Quantum computing solutions: (Record no. 6875)

MARC details
000 -LEADER
fixed length control field 00594nam a22002057a 4500
003 - CONTROL NUMBER IDENTIFIER
control field OSt
005 - DATE AND TIME OF LATEST TRANSACTION
control field 20220107122901.0
008 - FIXED-LENGTH DATA ELEMENTS--GENERAL INFORMATION
fixed length control field 211209b xxu||||| |||| 00| 0 eng d
020 ## - INTERNATIONAL STANDARD BOOK NUMBER
International Standard Book Number 9781484265154
040 ## - CATALOGING SOURCE
Transcribing agency KUDSIT
082 ## - DEWEY DECIMAL CLASSIFICATION NUMBER
Classification number 004.1 KOM/Q
100 ## - MAIN ENTRY--PERSONAL NAME
Personal name Kommadi, Bhagvan
9 (RLIN) 18776
245 ## - TITLE STATEMENT
Title Quantum computing solutions:
Remainder of title Solving real-world problems using quantum computing and algorithms
260 ## - PUBLICATION, DISTRIBUTION, ETC.
Place of publication, distribution, etc. New York,
Name of publisher, distributor, etc. Apress,
Date of publication, distribution, etc. 2020.
300 ## - PHYSICAL DESCRIPTION
Extent xvii, 300p.
650 ## - SUBJECT ADDED ENTRY--TOPICAL TERM
Topical term or geographic name entry element COMPUTER SCIENCE
9 (RLIN) 18777
650 ## - SUBJECT ADDED ENTRY--TOPICAL TERM
Topical term or geographic name entry element COMPUTING
9 (RLIN) 18778
650 ## - SUBJECT ADDED ENTRY--TOPICAL TERM
Topical term or geographic name entry element QUANTUM COMPUTING
9 (RLIN) 18779
942 ## - ADDED ENTRY ELEMENTS (KOHA)
Source of classification or shelving scheme Dewey Decimal Classification
Koha item type Books
Holdings
Withdrawn status Lost status Source of classification or shelving scheme Damaged status Not for loan Collection code Home library Current library Shelving location Date acquired Cost, normal purchase price Total Checkouts Full call number Barcode Date last seen Date last checked out Price effective from Koha item type
    Dewey Decimal Classification     Data Processing Computer Processing Kerala University of Digital Sciences, Innovation and Technology Knowledge Centre Kerala University of Digital Sciences, Innovation and Technology Knowledge Centre Computer Science 18/04/2023 2196.00 4 004.1 KOM/Q 5798 09/09/2024 31/07/2024 09/12/2021 Books